000
00323nam a22001457a 4500
020
_a
978-1-292-44631-8
082
_a
658.15
100
_a
Berk, Jonathan
245
_a
Corporate Finance
250
_a
6th
260
_a
Harlow:
_b
Pearson,
_c
2024
300
_a
1195p.: ill.; 25cm
700
_a
Demarzo, Peter
942
_c
BK
999
_c
22148
_d
22148